000 00329nam a2200133Ia 4500
008 220216s9999 xx 000 0 und d
100 _aPhilip K M
245 0 _aRubber goods production in India
260 _bRubber Board Bulletin
_c1980
300 _a35-37
650 _aIndia
650 _aRubber goods industry
942 _cJS
999 _c67627
_d67627